|
|
|
|
| LEADER |
00000cam a2200000 a 4500 |
| 001 |
vtls001316543 |
| 003 |
SK-MaSNL |
| 005 |
20260425234639.0 |
| 008 |
240315s1939 xr o g 0000j cze |
| 015 |
|
|
|a SNBA1939
|
| 035 |
|
|
|a SNK000269053
|
| 040 |
|
|
|a SNK
|b slo
|c SNK
|e AACR2
|
| 041 |
|
|
|a cze
|
| 044 |
|
|
|a xr
|c CZ
|
| 080 |
|
|
|a 821.162.4-34
|2 2001
|
| 080 |
|
|
|a 94(437.6)
|2 2001
|
| 100 |
1 |
|
|a Jura, František,
|d 1905-1990
|4 aut
|9 520744
|
| 245 |
1 |
0 |
|a Pověsti slovenských hradů a zámků
|b perokresby hradů a dějové výjevy od Josefa Kočího
|c František Jura
|
| 260 |
|
|
|a Praha
|b Josef Hokr
|c [1939]
|
| 300 |
|
|
|a 323 s.
|b ilustr.
|c 27 cm
|
| 650 |
0 |
7 |
|a hrady
|2 SNKPH
|9 3039
|
| 650 |
0 |
7 |
|a zámky
|2 SNKPH
|9 3041
|
| 651 |
|
7 |
|a Slovensko
|2 SNKPH
|9 14231
|
| 655 |
|
7 |
|a slovenské povesti
|2 SNKPH
|9 70638
|
| 700 |
1 |
|
|a Kočí, Josef,
|d 1880-1961
|4 ill
|9 338246
|
| 999 |
|
|
|c 803213
|d 805143
|
| 952 |
|
|
|t P60, <03>, [BOOK], {603}
|a SNK
|b SNK
|y PREZ
|7 0
|p 17A0117739
|o snkSB 17644/1-2
|i snkK 5622/71
|0 0
|1 0
|4 0
|d 1998-01-15
|l 0
|r 2025-03-19 00:00:00
|w 2026-02-24
|
| 952 |
|
|
|t P60, <05>, [BOOK], {605}
|a SNK
|b SNK
|y VYP
|7 0
|p 17A0306587
|o snkSB 17644/1-2 D1
|i snkK 5623/71
|0 0
|1 0
|4 0
|d 2001-07-11
|l 0
|r 2005-01-02 00:00:00
|w 2026-02-24
|